00365nam a2200121 a 45000010005000000030005000050050017000100080041000270400020000681000027000882450108001152600020002231477CDMR20130312182729.0130130s1974||||||||||||||||||||||||||||d aCDMRbcatcCDMR1 aTuñon Suarez, Carlos10aHistoria de un periódico local (Diario de Villanueva y Villanueva y Geltru)...cCarlos Tuñon Suarez aBarcelonac1974